| 000 | 01110nam a2200205Ia 4500 | ||
|---|---|---|---|
| 003 | Ost | ||
| 005 | 20260507075046.0 | ||
| 008 | 260507s9999||||xx |||||||||||||| ||und|| | ||
| 040 | _cfsecg | ||
| 041 | _aara | ||
| 082 | _a330 | ||
| 100 |
_aأبو الفتوح، يحي عبد الغني _eمؤلف |
||
| 245 | 0 |
_aأسس وإجراءات دراسات جدوى المشروعات : _bبيئية وتسويقية ومالية / _c يحي عبد الغني أبو الفتوح |
|
| 260 |
_aالإسكندرية: _bدار الجامعة الجديدة للنشر, _c2003 |
||
| 300 |
_a402 صفحة؛ _bإيضاحات ؛ _c24 سم |
||
| 520 | _aدراسة جدوى المشروعات-دراسة الجدوى التفصيلية-دراسة الجدوى تسويقية تفصيلية لمشروع تصنيع الكرتون المضلع-دراسة جدوى تمويلية لمشروع انتاج الكرتون المضلع-التحليل المالي وتقرير جدوى مشروع تصنيع الكرتون المضلع | ||
| 653 | _aالمشروعات | ||
| 653 | _aدراسة الجدوى | ||
| 942 | _cكتاب | ||
| 999 |
_c42567 _d42567 |
||